00951nam a2200241Ia 4500003000400000005001700004008004100021020001800062040001800080041000800098082002000106100003300126245016400159250001200323260004400335300003000379650003900409650003800448650004500486942002700531999001900558952013200577OSt20260113145922.0210716s2016 xx 000 0 und d a9781786464378 cAIMIT LIBRARY aeng a621.3991 bHAMV aHamburger, Valentin.9251106 aBuilding VMware software defined data centers:bmake the most of software defined data centers with revolutionary VMware technologies /cBy Valentin Hamburger. a1st ed. aMumbai :bPackt Publishing Ltd ,c2016. avii,341 p.;bPBc24.5 cm. aVMware vrealize automation9251107 aSDDC design consideration9251108 aNetwork virtualization using nsx9251109 2ddccBKk621.3991 HAMV c196542d196542 001040708MCAaAIMITbAIMITeKnowledge Worldg999.00l0o621.3991 HAMVpMCA16057r2025-07-21 00:00:00v749.25w2021-07-16yBK